Statistics for Top 10 Least Populous Russian Federal Subjects (Oblasts)

Click here to take the quiz!

General Stats

  • This quiz has been taken 60 times
  • The average score is 5 of 10

Answer Stats

PopulationFederal Subject% Correct
49,300Chukotka
90%
44,404Nenets Autonomous Ukrog
90%
156,492Jewish Autonomous Oblast
83%
138,991Magadan Oblast
76%
221,050Altai Republic
59%
330,327Tuva
54%
463,091Adygea
49%
270,139Kalmykia
29%
311,985Kamchatka Krai
15%
465,592Karachai-Cherkessia
5%

Score Distribution

Percentile by Number Answered

Percent of People with Each Score

Your Score History

You have not taken this quiz